Umelá inteligencia zásadne mení aj bankovníctvo
Umelá inteligencia a moderné technológie pomáhajú ľudstvu zásadne ho zmeniť v mnohých oblastiach. Mení sa aj bankovníctvo. Umelá inteligencia by časom mohla prevziať podstatnú časť komunikácie s klientami. Digitálne fintechy, bezdotykovosť a biometria.
Salvato in:
| Natura: | Capitolo di libro |
|---|---|
| Lingua: | slovacco |
| Soggetti: | |
| Tags: |
Nessun Tag, puoi essere il primo ad aggiungerne!!
|
MARC
| LEADER | 00000naa a2200000 4500 | ||
|---|---|---|---|
| 001 | 0248913 | ||
| 005 | 20181115114402.3 | ||
| 041 | 0 | |a slo | |
| 044 | |a SK | ||
| 245 | 1 | 0 | |a Umelá inteligencia zásadne mení aj bankovníctvo |
| 520 | |a Umelá inteligencia a moderné technológie pomáhajú ľudstvu zásadne ho zmeniť v mnohých oblastiach. Mení sa aj bankovníctvo. Umelá inteligencia by časom mohla prevziať podstatnú časť komunikácie s klientami. Digitálne fintechy, bezdotykovosť a biometria. | ||
| 610 | 2 | 0 | |a bankovníctvo |
| 610 | 2 | 0 | |a služby bankové |
| 610 | 2 | 0 | |a služby digitálne |
| 610 | 2 | 0 | |a inteligencia umelá |
| 610 | 2 | 0 | |a technológie nové |
| 610 | 2 | 0 | |a technológie znalostné |